Les plus grands pays de l'Empire britannique - Statistiques

Statistiques générales
  • Ce quiz a été pris 2 377 fois
  • Le résultat moyen est 8 sur 14
Statistiques - réponses
% km2 Pays % Correct
100 10,000,000 Canada
91%
100 7.700.000 Australie
89%
100 3.200.000 Inde
89%
25 2.400.000 Etats-Unis
88%
100 1.200.000 Afrique du Sud
74%
100 890.000 Pakistan
54%
100 1.000.000 Égypte
52%
100 920.000 Nigeria
44%
100 1.900.000 Soudan
43%
100 950.000 Tanzanie
40%
100 830.000 Namibie
35%
100 750.000 Zambie
29%
100 680.000 Birmanie
26%
100 650.000 Afghanistan
20%
Aucun quiz correspondant
Distribution des résultats
% des personnes avec chaque résultat
Percentile par nombre de réponses
Votre historique - résultats
Vous n’avez pas pris ce quiz